000 01092nam a2200265Ia 4500
003 OSt
005 20220918110851.0
006 a|||||r|||| 00| 0
007 ta
008 220915b |||||||| |||| 00| 0 hin d
020 _a9789388183840 (hbk)
_cINR 9600.00
024 _a86,490
037 _bBR/7231, 19/02/2019, Rajkamal Prakashan Pvt. Ltd
_cReference Collections
040 _aARTS
_cARTS
_bhin
041 _2hin
_ahin
082 _aO152,1N177x, Q9.1-.8(RR)
100 _aजैन, नेमिचन्द्र, संपा.
_99973
245 0 _aमुक्तिबोध समग्र
246 _aMuktibodh samagra
260 _aनई दिल्ली
_bराजकमल प्रकाशन भारत
_c2019
490 _vखंड 1
650 _aहिन्दी कविता; हिन्दी साहित्य
942 _hO152,1N177x, Q9.1-.8(RR)
_cREF
999 _c115363
_d115363